Uncover - Zara Larsson - All Lyrics - Statistics

General Stats
  • This quiz has been taken 57 times
  • The average score is 239 of 292
Answer Stats
Answer % Correct
a
100%
I
100%
it
100%
(it
100%
(Oh,
100%
We
100%
we
100%
Yeah,
100%
yeah)
100%
can
97%
can't
97%
is,
97%
is
97%
is),
97%
That's
97%
that's
97%
are
95%
be
95%
cover
95%
(cover)
95%
goes
95%
goes)
95%
how
95%
secret,
95%
the
95%
The
95%
uncover
95%
(uncover)
95%
an
92%
from
92%
knows
92%
Nobody
92%
nobody
92%
sees,
92%
and
90%
exposed
90%
Far
90%
(we're)
90%
When
90%
when
90%
You
90%
you
90%
to
87%
each
85%
In
85%
in
85%
other
85%
daylight,
82%
daylight
82%
close
79%
never
79%
On
79%
on
79%
on,
79%
sun
79%
change
77%
together,
77%
together
77%
others,
74%
two
74%
Two
74%
moon
72%
shinin'
72%
could
67%
We'll
67%
forever
64%
world
64%
here
59%
night,
59%
night
59%
right
59%
your
59%
build
56%
Put
56%
disappear
54%
just
54%
like
54%
My
54%
my
54%
plain
54%
Feels
51%
need
51%
stars
51%
universe
51%
blindin'
49%
burn
46%
near
46%
paradise
46%
shoulder,
46%
shoulder
46%
sight,
46%
All
44%
arms
44%
late
44%
sky
44%
reach
36%
thousand
36%
Wouldn't
36%
wouldn't
36%
hidin'
33%
care
28%
endless
28%
gives
28%
asylum,
26%
asylum
26%
notice,
23%
bear
21%
burdens
21%
heavy
15%
tons
15%
No matching quizzes found
Score Distribution
Percent of People with Each Score
Percentile by Number Answered
Your Score History
You have not taken this quiz